[Event "Perenyi Memorial"]
[Site "Gyula"]
[Date "2000.01.29"]
[Round "6"]
[White "Yu, Shaoteng"]
[Black "Zhang, Pengxiang"]
[Result "0-1"]
[WhiteElo "2535"]
[BlackElo "2562"]
[Annotator "Avrukh,B"]
[PlyCount "92"]
[EventDate "2000.01.24"]
[EventType "tourn"]
[EventRounds "13"]
[EventCountry "HUN"]
[EventCategory "9"]
[SourceTitle "CBM 076"]
[Source "ChessBase"]
[SourceDate "2000.05.31"]
[SourceVersion "1"]
[SourceVersionDate "2000.05.31"]
[SourceQuality "1"]

1. e4 {Finkel,A} c5 2. Nf3 Nc6 3. Bb5 g6 4. Bxc6 bxc6 5. O-O Bg7 6. Re1 Nf6 {
This variation is considered to be dangerous for black,but in the following
game white doesn't prove it.} (6... Nh6 $5 7. c3 O-O 8. d4 cxd4 9. cxd4 d5 10.
e5 Bg4 11. Nbd2 Qb6 12. b3 c5 13. Ba3 cxd4 14. Bxe7 Rfe8 15. Bg5 Bd7 16. Nf1
Nf5 17. g4 Ne7 18. Nxd4 Nc6 $44 {Psakhis,L-Dautov,R Nimes 1991,}) (6... e5 7.
c3 Ne7 8. d4 cxd4 9. cxd4 exd4 10. Nxd4 O-O 11. Nc3 d6 12. Bg5 $14) 7. e5 Nd5
8. c4 Nc7 9. d4 cxd4 10. Qxd4 d6 (10... d5 11. Qh4 (11. cxd5 cxd5 12. Nc3 O-O
13. Qh4 Rb8 14. Bh6 Rxb2 15. Nd1 Rb6 16. Ne3 f6 $13 {Tseitlin,Ma-Afek,Y Tel
Aviv 1990}) 11... h6 12. Nc3 g5 13. Qg3 O-O 14. h4 g4 15. cxd5 Nxd5 16. Nxd5
Qxd5 17. Nh2 $14 {[%csl Rg4] 1/2-1/2 Siklosi,Z-Dely,P/HUN-chT 1993 (56)}) (
10... O-O 11. Qh4 (11. Nc3 d5 12. Qh4 Ne6 13. Bh6 Rb8 14. cxd5 cxd5 15. Rad1
Bb7 16. Re3 $36 {Sutovskij,E-Fierro Baquero,M/Benasque op 1996 (24)}) 11... Ne6
(11... d6 12. Bh6 Ne6 13. Nc3 f6 14. Bxg7 Kxg7 15. exf6+ Rxf6 {/\Rf4} 16. Ng5
$1 Nxg5 17. Qxg5 $16 {Kasparov,G-Salov,V/Dortmund 1992/1-0 (54) ><e7}) 12. Nc3
(12. Bh6 f6 13. Bxg7 Kxg7 14. Nc3 fxe5 15. Nxe5 Rf4 16. Qg3 Qf8 17. Ne2 $14 {
Spasov,V-Schwaegli,B/Biel op 1992 (33)}) 12... d5 13. cxd5 cxd5 14. Bh6 Bb7 15.
Rad1 Rc8 16. Nb5 $16 {1-0 Mainka,R-Wesseln,K/GER-ch 1996 (22)}) (10... Ne6 11.
Qh4 h6 12. Nc3 d6 13. Rd1 Bb7 14. Be3 c5 15. Nd5 dxe5 $1 16. Nf6+ Bxf6 17.
Rxd8+ Rxd8 18. Qg3 h5 19. h4 O-O 20. Nxe5 Nd4 21. Bxd4 Rxd4 $15 {Charlov,
A-Andersson,U,Haninge 1992}) 11. Nc3 Ne6 12. Qe4 $5 ({Another tempting
continuation was} 12. Qh4 $5) {Giving up a pawn and hoping to use the bishops
to get counterplay.This plan succeds only because of white's inaccuracy.} 12...
O-O $5 13. Qxc6 Rb8 14. Qe4 $6 (14. exd6 $5 Bb7 (14... Qxd6 15. Nd5 (15. Qxd6
exd6 16. Nd5 Ba6 17. Ne7+ Kh8 18. Nc6 Rb6 19. Nxa7 Bxc4 $44) 15... Qd8 16. Ne5
Bb7 17. Qd7 Bxe5 18. Qxd8 Bxh2+ 19. Kxh2 Rfxd8 20. Nxe7+ Kf8 21. Nd5 Bxd5 22.
cxd5 Rxd5 $11) 15. dxe7 Qxe7 (15... Bxc6 16. exd8=Q Rfxd8 17. Ne5 $1 $16) 16.
Nd5 Qd8 17. Qa4 Bxd5 18. cxd5 Qxd5 19. Qxa7 $14) 14... Bb7 15. Nd5 (15. Qe3
Bxf3 16. Qxf3 Bxe5 17. b3 Nc5 18. Bb2 $14) 15... Bxd5 16. Qxd5 $6 {Permitting
black to equallize.} (16. cxd5 $5 Nc5 (16... Nc7 $2 17. Nd4 $1 $16 {[%cal
Gd4c6,Ge5e6]}) 17. Qe3 {[%csl Rc5]} Rc8 18. b4 (18. exd6 Qxd6 19. Qxe7 Qxd5 20.
Qe2 Nd3 21. Rd1 Rfd8 22. Bg5 $14) 18... Nd7 19. Qxa7 Nxe5 20. Nxe5 Ra8 21. Qd7
Bxe5 22. Qxd8 Rfxd8 23. Rb1 Rxa2 $14) 16... dxe5 17. Nxe5 Qxd5 $1 18. cxd5 Nd4
19. Nd7 (19. Nc6 Nc2) (19. Rb1 $5 Nc2 20. Re2 Na3 21. Ra1 Bxe5 $1 22. Rxe5 Nc2
23. Rb1 Na3 $11) 19... Nc2 $1 $11 20. Nxb8 Rxb8 21. Bg5 (21. Be3 $6 Rxb2 22.
Bxa7 $2 Nxa1 23. Rxa1 Rb7 $19 {[%csl Ra1,Ra7]}) 21... Bxb2 22. Rab1 Nxe1 23.
Rxe1 Ba3 24. Kf1 f6 25. Bf4 {The endgame is equal,but white mangaes to lose it
in a few moves.} (25. Bc1 Bd6 26. Be3 a6 27. Rd1 Kf7 28. h3 f5 $15) 25... Rd8
26. Rd1 Bc5 27. Ke2 Kf8 28. Rd2 (28. Be3 Bxe3 29. fxe3 $11) 28... Ke8 29. Be3
Bxe3 30. Kxe3 $11 Rd6 31. Kd4 $5 e6 {[%cal Gd6d2]} 32. Kc5 Ke7 33. a4 Ra6 34.
dxe6 $2 {Decisive mistake.} (34. Rb2 $1 exd5 35. Kxd5 Rxa4 (35... Rd6+ 36. Kc5
$11) 36. Rb7+ Kd8 37. Rxh7 Ra2 38. Ke6 Rxf2 39. Rxa7 $11) 34... Rxa4 35. Re2 $2
(35. Rd7+ Kxe6 36. Rxh7 Ra2 37. h4 Rxf2 38. g4 $15) 35... Ra6 $17 36. Kb5 Rb6+
37. Ka5 (37. Kc5) 37... h5 {[%csl Ra5]} 38. h3 g5 39. g3 Rxe6 40. Rb2 Rb6 41.
Rc2 Ke6 42. Rc7 Kf5 43. Rc5+ (43. Rxa7 Rb2 44. Rh7 Kg6 45. Re7 Rxf2 46. Re3 Rh2
$19) 43... Kg6 44. Rc2 Rb3 45. Ka6 Ra3+ 46. Kb7 h4 0-1

[Event "ISR-chT"]
[Site "Ramat Aviv"]
[Date "2000.03.31"]
[Round "8.4"]
[White "Oratovsky, Michael"]
[Black "Kagan, Shimon"]
[Result "1-0"]
[WhiteElo "2491"]
[BlackElo "2390"]
[Annotator "Avrukh,B"]
[PlyCount "35"]
[EventDate "2000.01.14"]
[EventType "team"]
[EventRounds "11"]
[EventCountry "ISR"]
[SourceTitle "CBM 077"]
[Source "ChessBase"]
[SourceDate "2000.07.27"]
[SourceVersion "1"]
[SourceVersionDate "2000.07.27"]
[SourceQuality "1"]
[WhiteTeam "Petah Tikva Elitzur"]
[BlackTeam "Tel Aviv Ironi"]
[WhiteTeamCountry "ISR"]
[BlackTeamCountry "ISR"]

1. e4 c5 2. Nf3 Nc6 3. Bb5 g6 4. Bxc6 dxc6 5. d3 Bg7 6. h3 Nf6 7. Nc3 Nd7 (7...
O-O 8. Bf4 (8. Be3 $142) 8... Nd7 9. e5 (9. Qd2) 9... Nb6 10. Ne4 c4 $1 11. d4
Nd5 12. Bh2 Bf5 13. Ng3 (13. Qe2 Qb6 {[%csl Gb2]}) 13... Qa5+ 14. Nd2 Be6 15.
O-O (15. c3 Nf4 16. O-O Nd3 17. Qc2 c5 $17) 15... c5 16. Nf3 c3 $17 {0-1
Conquest,S-Michaelsen,N/Fuerth GER 1999 (40)}) 8. Be3 (8. O-O e5 9. Be3 Qe7 10.
Ne2 $6 (10. Qd2 $142 {[%cal Ge3h6]}) 10... O-O 11. c3 $6 {[%csl Gd3]} b6 12.
Qb3 Ba6 13. Rfd1 Rfd8 14. Rd2 Nf6 15. Rad1 c4 $1 $17 {0-1 Lederer,Y-Sutovskij,
E/Tel Aviv 1994/EXT 97 (54)}) 8... Qa5 $6 $146 {Unfortunate move,which only
helps white to provoke b2-b4.} (8... h6 9. O-O e5 10. a3 {[%cal Gb2b4]} Qe7 11.
Qd2 a5 12. Nh2 {[%cal Gf2f4]} a4 13. f4 exf4 14. Bxf4 Ne5 15. Nf3 Nxf3+ 16.
Rxf3 g5 17. Be3 Be6 18. Qf2 b6 19. d4 cxd4 20. Bxd4 Bxd4 21. Qxd4 Qc5 22. Qxc5
bxc5 $16 {[%csl Ga4,Gc5,Gc6,Gf6] 1-0 Tseitlin,M-Schmittdiel,E/Groningen 1994/
CBM 45 ext (56)}) (8... a5 9. a4 $6 b6 10. Qd2 h6 11. O-O e5 12. Ne2 $2 (12.
Nh2 {[%cal Gf2f4]}) 12... Nf8 {[%cal Gf8e6]} 13. c3 Ba6 14. Rfd1 Ne6 $17 {
[%csl Gd3] 0-1 Groffen,H-Abolianin,A/Vlissingen 1995/EXT 2000 (33)}) 9. Qd2 h6
$2 {After this slow move black really has a big problems,it wasn't late yet to
recognize for black the badness of his plan,to custle and to play slightly
worse position.} (9... O-O 10. Bh6) 10. O-O e5 11. a3 {[%cal Gb2b4]} Nf8 $2 (
11... Qc7 12. b4 cxb4 13. axb4 b6 14. d4 $16) 12. b4 cxb4 13. axb4 Qxb4 (13...
Qc7 14. Bxa7 b6 $140 $2 15. Bxb6 $18) 14. Bxa7 $1 $18 {It's very strange,but
black simply hasn't defence against black threat-Bc5.} Ne6 (14... Qe7 15. Bc5)
(14... b6 15. Rfb1 $18 {[%csl Gb6]}) 15. Bc5 Qxc5 16. Rxa8 O-O 17. Na4 Qb5 $2 (
17... Qd6 $142 18. Nb6 Bd7 19. Qa5 $18 (19. Rfa1 $5)) 18. Ra5 {[%csl Gb5]} 1-0

[Event "Petrov Memorial op"]
[Site "St Petersburg"]
[Date "2000.02.16"]
[Round "9"]
[White "Chernyshov, Konstantin"]
[Black "Shinkevich, Vitaly"]
[Result "1-0"]
[WhiteElo "2544"]
[BlackElo "2440"]
[Annotator "Avrukh,B"]
[PlyCount "101"]
[EventDate "2000.02.05"]
[EventType "swiss"]
[EventRounds "9"]
[EventCountry "RUS"]
[SourceTitle "CBM 076"]
[Source "ChessBase"]
[SourceDate "2000.05.31"]
[SourceVersion "1"]
[SourceVersionDate "2000.05.31"]
[SourceQuality "1"]

1. e4 {Finkel,A} c5 2. Nf3 Nc6 3. Bb5 g6 4. O-O Bg7 5. Re1 e5 6. Bxc6 dxc6 7.
h3 Nh6 (7... Qe7 8. c3 Nf6 9. d4 cxd4 10. cxd4 Nd7 11. Bg5 f6 12. Be3 O-O 13.
Nbd2 $14 {1/2-1/2 Nikolenko,O-Kozlov,V/Moscow-ch op 1995 (32)}) 8. d3 f6 9. Be3
Qe7 (9... b6 10. Nc3 Be6 11. Ne2 Nf7 12. Nh2 O-O 13. f4 f5 $1 $132 {Nadezhdin,
D-Nenashev,A/RUS-Cup1 Chigorin mem 1996 (31)}) 10. c3 $6 {The way to clear
advantage was shown in the following game and there is no reason for white to
deviate.} (10. Qd2 $1 Nf7 11. Qc3 b6 12. b4 (12. a3 $5) 12... O-O 13. bxc5 b5
14. Nbd2 a5 15. a4 b4 16. Qb2 $16 {1-0 Galdunts,S-Wessels,M/NRW-Liga II 9697
1996 (31)}) 10... Nf7 (10... O-O 11. d4 cxd4 12. cxd4 Rd8 (12... exd4 13. Nxd4
Nf7 14. Nc3 Be6 15. Nxe6 Qxe6 16. Qb3 Qxb3 17. axb3 a6 $11 {1/2-1/2 Cyborowski,
L-Antoniewski,R/EU-chJM U16 1995 (43)}) 13. Qc1 Nf7 14. Nc3 exd4 15. Bxd4 $6
Ng5 $1 $15 {0-1 Pettinger,J-Lehmann,Z/WchJM-U20 1995 (32)}) 11. a3 a5 (11...
Be6 12. b4 c4 13. d4 O-O 14. dxe5 Nxe5 15. Nxe5 fxe5 16. Bc5 $16) 12. d4 cxd4
13. cxd4 O-O 14. Nc3 {[%cal Gc3a4]} b5 $1 {Black manages to solve openng
problems with full success and fights for the initiative.} 15. Qc2 $6 (15. d5
Bb7 16. Qd3) 15... Bd7 16. Rad1 Rfc8 17. Re2 $6 Be6 (17... a4 $5 18. Red2 Be6)
18. a4 $6 Qb4 $1 $15 {Taking an advantage of white's hesitant play.} 19. Ra1 (
19. d5 cxd5 20. exd5 Bf5 21. Qd2 bxa4 22. Ra1 Bd7 23. Qd1 Nd6 $15) 19... Bb3
20. Qc1 bxa4 21. dxe5 Nxe5 22. Nd2 Bf8 $6 ({Better was} 22... Nd3 23. Qb1 Rd8
24. Nxb3 (24. Nxa4 Bxa4 25. Qa2+ Kh8 26. Qxa4 Qxa4 27. Rxa4 Nxb2 $17) 24...
axb3 25. Rd2 Nc5 26. Rxd8+ Rxd8 27. Ra3 Nb7 $5 $17 {and black keeps a pawn})
23. Nxb3 Qxb3 $6 (23... axb3 $5) 24. Nxa4 Rab8 (24... Rd8 25. Qc2 Qb5 26. Nc3
Qb7 27. b3 $14) 25. Qc2 Qxc2 26. Rxc2 $14 {[%csl Rc6] In the endgame white's
chanse are better because of weak pawns on c6 and a5.} Rb4 27. f3 Rcb8 28. Bf4
c5 (28... Bd6 29. Bd2 R4b5 (29... Rc4 $2 30. Bc3 Nd3 31. Rd2 $18) 30. f4 Nd3
31. Rxc6 $16) 29. Ra2 R8b7 (29... Bd6) 30. Bxe5 fxe5 31. Nxc5 R7b5 $2 {Losing
move.Black had very elegant way to hold the position:} (31... Bxc5+ 32. Rxc5
Rxb2 33. Rxb2 Rxb2 34. Rxa5 $18) (31... Rc7 $1 32. Rxa5 Kf7 $1 33. Kf2 Kf6 34.
Kg3 h5 $1 (34... Bxc5 35. Raxc5 Rxc5 36. Rxc5 Rxb2 37. Rc6+ Kf7 (37... Kg5 38.
Re6 Rb5 39. Rxe5+ $1 $18) 38. Rc7+ Kg8 39. Rc5 $18) 35. h4 Bxc5 36. Raxc5 Rxc5
37. Rxc5 Rxb2 $14) 32. Ne6 Be7 (32... Kf7 $6 33. Nd8+ Kf6 34. Nc6 Rb3 35. Nxa5
$18) 33. Rc7 Kf7 (33... Bh4 34. b3 $1 {[%csl Rg8]} Rxb3 35. Rg7+ Kh8 36. Rc2
Rb8 37. Rcc7 $18) 34. Nd8+ Kf6 35. Rxe7 Kxe7 36. Nc6+ Kf6 37. Nxb4 Rxb4 38.
Rxa5 Rxb2 39. Ra6+ Kg5 40. Re6 Kf4 41. Kh2 $18 {[%cal Gh3h4,Ge6a6,Ga6a3,Gh2h3,
Gg2g3]} Rb7 (41... Ra2 42. h4 Rb2 43. Re7 h6 44. Re6 g5 45. Rf6+ Ke3 46. Rxh6
$18) 42. h4 Rf7 43. Ra6 $1 {[%csl Rf4]} g5 (43... Ke3 44. Ra5 Re7 45. Kg3 $18 {
[%cal Gg3g5]}) 44. hxg5 Kxg5 45. Kg3 Re7 46. Rb6 h5 $6 {[%csl Rh5]} (46... Re8)
47. Rb8 Rg7 (47... Kg6 48. Kh4 $18 {[%cal Gb8g8,Gg8g5]}) 48. Rf8 Kh6+ 49. Kh3
Rg5 50. Rf6+ Kg7 51. Rf5 1-0

[Event "USA-ch"]
[Site "Seattle"]
[Date "2003.01.18"]
[Round "9"]
[White "Perelshteyn, Eugene"]
[Black "Krush, Irina"]
[Result "1/2-1/2"]
[WhiteElo "2442"]
[BlackElo "2433"]
[Annotator "Avrukh,B"]
[PlyCount "58"]
[EventDate "2003.01.09"]
[EventType "swiss"]
[EventRounds "9"]
[EventCountry "USA"]
[SourceTitle "CBM 093"]
[Source "ChessBase"]
[SourceDate "2003.04.01"]
[SourceVersion "1"]
[SourceVersionDate "2003.04.01"]
[SourceQuality "1"]

1. e4 c5 2. Nf3 Nc6 3. Bb5 g6 4. Bxc6 dxc6 5. d3 Bg7 6. h3 Nf6 7. Nc3 O-O 8.
Be3 Nd7 9. Qd2 Re8 10. O-O e5 11. Nh2 h5 $2 {My attitude to such a moves
always very sceptical.Also here this move only weakens the position of black
king,on the other hand Ng4 idea wasn't so dangerous at all.} (11... Qe7 $142
12. Bh6 (12. f4) 12... Bh8 (12... Nf8 $143 $2 13. Bxg7 Kxg7 14. Ne2 Ne6 15. f4
exf4 16. Nxf4 Nxf4 17. Rxf4 f5 18. Nf3 Be6 19. Rh4 {[%cal Gd2h6]} h5 {[%csl
Gg7]} 20. exf5 Bxf5 21. g4 $1 $40 {1-0 Dey,J-Schoeller,W/Bayern 2001/EXT 2002 
(33)}) 13. Ng4 Nf8 {[%cal Gf8e6]} 14. Bg5 f6 15. Nh6+ Kg7 16. Be3 Ne6 {1-0
Adams,M-Kramnik,V/Dortmund 2000/CBM 78 (50) and black got quite decent play})
12. Kh1 $146 {A useful move in all respects} (12. f4 $143 exf4 13. Bxf4 c4 $1)
({Also very interesting} 12. Bh6 Bh8 13. f4 exf4 14. Qxf4 Ne5 15. Ne2 f6 $6 (
15... Be6 $142) 16. Qh4 Be6 17. Bd2 {[%cal Gd2c3]} Bf7 18. Bc3 $40 {1-0 Csoke,
A-Uskova,F/Jakarta 1993/EXT 97 (73)}) 12... Qe7 13. f4 exf4 14. Bxf4 Ne5 15.
Nf3 Nxf3 (15... b5 $5) 16. Rxf3 f5 $5 {[%csl Rg6,Rg8] With black pawn on h7,
this move was quite logical,but with pawn it looks very dangerous.In fact
suprisingly enough black position remains solid and it's not so easy for white
to use all black weaknesses.} (16... Be6 17. Raf1 $40 {[%cal Gf4g5,Gf4h6]} (17.
Bg5 $5)) (16... c4 17. Bh6 (17. dxc4 $140 Qb4) 17... cxd3 (17... Bh8) 18. Bxg7
Kxg7 19. cxd3 Be6 $14) 17. Re1 Qd8 (17... Bd7 {looks more logical to me}) 18.
Bg5 (18. Bh6 Bd4 $1 {and black holds the position} (18... Bh8 19. Qf2 $40 {
[%cal Gf2g3]})) (18. Qf2 $5 {[%csl Gc5]} b6 19. Qg3 Qf6 $11) 18... Qb6 $2 {
Too brave,black doesn't feel the danger of his position.} (18... Qd6 $1 19. Bh6
Bd4 {was much better}) 19. e5 $1 (19. Bh6 $5) 19... Qxb2 (19... Rxe5 20. Rxe5
Bxe5 21. Qe1 Qc7 22. Re3 Bg7 23. Re8+ Kh7 24. Qh4 $40 {[%cal Ge8e7,Gg5f6]}) (
19... Be6 20. Bf6 $1) 20. Bf6 Kh7 21. Bxg7 (21. Rg3 Bh6 22. Bg5 h4 $132) 21...
Kxg7 22. d4 $2 {Looks very attractive,but leads only to a draw} (22. Rb1 Qa3
23. Rxf5 gxf5 24. Qg5+ Kf8 25. Qf6+ Kg8 26. Qg6+) (22. Rg3 Re6 $1) ({But very
strong was} 22. Rfe3 $142 $1 {[%cal Ge5e6]} Re6 (22... Be6 23. Rb1 $18 {
[%cal Gb1b7]}) 23. Ne2 $1 {[%cal Ge2f4]} Rxe5 24. Nf4 Rxe3 25. Qxe3 Qf6 26.
Qxc5 $40) 22... cxd4 23. Qg5 (23. Qxd4 $6 Qb6 (23... Be6 24. Rb1) 24. Qh4 Qd8
$15) 23... dxc3 (23... Re6 $2 24. Rxf5 Qxc3 25. Ref1 {and white winning}) 24.
Qf6+ Kh6 $1 (24... Kh7 $4 25. Qf7+ {[%cal Gf7e8]}) 25. Rg3 Rg8 26. Rxg6+ Rxg6
27. Qh8+ Kg5 28. Qd8+ Kh6 (28... Kf4 $2 29. Qh4+ Rg4 30. hxg4 hxg4 31. Qh6+ Kg3
32. Re3+ Kf2 33. Qf4#) 29. Qh8+ Kg5 1/2-1/2

[Event "Cannes masters k.o."]
[Site "Cannes"]
[Date "2000.02.20"]
[Round "2.2"]
[White "Fressinet, Laurent"]
[Black "David, Alberto"]
[Result "1-0"]
[WhiteElo "2501"]
[BlackElo "2520"]
[Annotator "Avrukh,B"]
[PlyCount "119"]
[EventDate "2000.02.19"]
[EventType "k.o."]
[EventRounds "5"]
[EventCountry "FRA"]
[SourceTitle "CBM 076"]
[Source "ChessBase"]
[SourceDate "2000.05.31"]
[SourceVersion "1"]
[SourceVersionDate "2000.05.31"]
[SourceQuality "1"]

1. e4 {Finkel,A} c5 2. Nf3 Nc6 3. Nc3 g6 4. Bb5 Bg7 5. O-O d6 6. e5 $5 {
This move may hardly be recommended because black gets very strong counterplay.
} (6. d4 cxd4 7. Nxd4 Bd7 8. Nxc6 bxc6 9. Bc4 Nf6 10. Bb3 O-O 11. h3 Qc8 12.
Qf3 c5 $13 {0-1 Buttigieg,J-Katz,D/Toronto op 1995 (41)}) (6. h3 Bd7 7. Re1 Nf6
8. Bxc6 Bxc6 9. e5 dxe5 10. Nxe5 Rc8 11. d3 O-O $11 {1/2-1/2 Kasparov,
G-Kramnik,V/Paris PCA-Intel GP 1995 (26)}) (6. Bxc6+ bxc6 7. h3 (7. d3 e5 8. a3
Ne7 9. b4 cxb4 10. axb4 O-O 11. b5 Qc7 12. Be3 Bd7 13. Rxa7 Rxa7 14. b6 $14 {
1-0 Kraut,R-Ballmann,M/Zug 1989 (22)}) 7... e5 8. d3 Ne7 9. Nd2 O-O 10. Qe2 Qc7
11. a3 f5 12. b4 cxb4 13. axb4 Bd7 14. Nb3 Qb6 $13 {D'Amore,C-Cramling,P/
Biel-B 1990/1/2-1/2 (102)}) 6... dxe5 (6... Bxe5 7. Bxc6+ bxc6 8. Nxe5 dxe5 9.
Re1 Qd4 10. d3 Bg4 11. Qd2 Nf6 12. Qg5 $14) 7. Bxc6+ bxc6 8. Re1 f6 9. b3 Nh6
10. Ba3 Nf7 (10... c4 $5 11. bxc4 O-O 12. Rb1 (12. d4 $2 Qa5 $1 13. Bb2 Rb8 14.
Qc1 Bg4 $17) 12... Qc7 13. d3 Be6 14. Ne4 $13) 11. Bxc5 f5 12. d4 e4 13. Nd2
O-O 14. Nc4 Ba6 {Another possibility was} (14... Re8 15. Qd2 e5 16. d5 $5 {
,but it seems that the arising positions are in white's favour.} (16. Rad1 Be6
17. Nxe5 (17. d5 cxd5 18. Nxd5 Bh6 19. Be3 f4 20. Bc5 Qg5 $132) 17... Nxe5 18.
dxe5 Qxd2 19. Rxd2 Bxe5 20. Bd4 $14)) 15. Ne3 Ng5 $5 {[%csl Rd4][%cal Gg5e6]} (
15... Re8 $5 16. Qd2 Qc7) 16. Na4 Bb5 ({Deserved attention} 16... Ne6 17. c3
Nxc5 18. Nxc5 Bc8 19. Nc4 Qd5 $13 {with good chanses for black.}) 17. c3 Ne6
18. Ba3 Re8 (18... Bxa4 19. bxa4 Nf4 20. Qb3+ Kh8 21. Rab1 Rb8 22. Qc4 (22.
Qxb8 Qxb8 23. Rxb8 Rxb8 24. Bxe7 Rb2 $15) 22... Qd7 23. Rb3 $13) 19. Nb2 $5 Nf4
20. Nec4 e5 $5 21. dxe5 Qg5 $6 {After this move white manages to get an
advantage,so better was.} (21... Bxc4 $1 22. Nxc4 Bxe5 23. Nxe5 Rxe5 24. Qd6
Nd3 $1 25. Red1 $13) 22. g3 Bxc4 (22... Bxe5 23. h4 $1 $18) (22... Rad8 23. Bd6
(23. Qc1 Nh3+ 24. Kg2 Qg4 25. Qe3 Ng5 $17 {[%csl Ra3,Rb2,Rg2]}) 23... Nh3+ 24.
Kg2 Nf4+ 25. Kh1 Ne6 26. Qe2 $14) 23. Nxc4 Nd3 (23... Nd5) 24. f4 $1 $14 {
I guess this move was overlooked by black!} Qd8 (24... Nxf4 25. Bc1 Nh3+ 26.
Kg2 Qg4 27. Qxg4 fxg4 28. Rxe4 h5 29. Be3 $16) 25. Re2 Qd5 26. Bc1 $5 Bf8 (
26... Rad8 27. Be3 Rd7 28. Rd2 Red8 29. Qe2 Qe6 30. Rad1 $14) 27. Be3 Bc5 $6
28. Qd2 h5 29. Bxc5 Qxc5+ 30. Qe3 $16 Red8 (30... Qxe3+ 31. Rxe3 a5 32. Rd1
Reb8 $1 $14 {[%cal Ga5a4,Gc6c5]}) 31. Rd1 Rd5 32. Qxc5 Rxc5 {[%csl Rc3]} 33. h4
Kf7 34. Red2 Ke7 35. Kf1 Rb8 (35... a5) 36. Rc2 a5 37. Ne3 Rb7 (37... a4 $6 38.
b4 Rcb5 39. a3 c5 40. c4 R5b7 41. b5 $18 {[%cal Ge3g2,Gg2e1,Gc2d2]}) 38. Ke2
Rb8 39. Rb1 Rcb5 40. Nc4 Rc5 (40... a4 $6 41. b4 c5 42. Nd6 R5b6 43. a3 Ke6 44.
Ke3 $16) 41. Nb2 Nb4 $6 {White's task is more difficult after} (41... Nxb2 42.
Rbxb2 a4 $5) 42. Na4 $8 Rbb5 $5 (42... Nxc2 43. Nxc5 Rb5 44. Na4 Rd5 45. Rb2
Na3 46. Rd2 Nb5 47. c4 $18) 43. Nxc5 Rxc5 44. Rbc1 (44. Rd2 Rxc3 45. Rbd1 Nd5
$132) 44... Nd3 $2 {This move is losing the game without a fight.} (44... Nxc2)
45. Rd1 Nb4 46. Rcd2 $18 Nd5 (46... Rxc3 47. Rd7+ Ke8 48. Rd8+ Ke7 49. R1d7+
Ke6 50. Rg7 $18) 47. c4 Nc3+ 48. Ke3 Nxd1+ 49. Kd4 $1 {[%csl Rc5]} Ne3 (49...
Nc3 50. Kxc3 $1) 50. Kxc5 Nf1 51. Rg2 Ne3 52. Rg1 Nc2 53. Rc1 Nb4 54. Kd4 c5+
55. Ke3 (55. Kxc5 $4 Nd3+ $19) 55... Nxa2 56. Ra1 Nb4 57. Rxa5 Nc2+ 58. Kf2 Nd4
59. Rxc5 Nxb3 60. Rc6 1-0